Memento Hirošimy K Týždňu boja za zákaz zbraní hromadného ničenia

Bibliographic Details
Main Author: Brejžek, Bohumil (Author)
Format: Article
Language:Slovak
PhysicalDescription:Obr. 1.
Subjects:

MARC

LEADER 00000nab a2200000 a 4500
001 vtls000189720
003 SK-MaSNL
005 20260302213052.0
008 111106c1984 xo 0 slo
015 |a SNBRB19rr/mm-uuuuu 
035 |a CL0199833 
040 |a SNKBUCL  |b slo  |c SNKBUCL  |e AACR2 
041 0 |a slo 
044 |a xo  |c SK 
080 |a 327.37  |2 1981 
100 1 |a Brejžek, Bohumil  |4 aut  |9 926735 
245 1 0 |a Memento Hirošimy  |b K Týždňu boja za zákaz zbraní hromadného ničenia  |c Bohumil Brejžek 
300 |b Obr. 1. 
650 0 7 |a mier  |2 snkbucl  |9 1720 
650 0 7 |a boj za mier  |2 snkbucl  |9 308624 
650 0 7 |a Týždeň boja za zákaz zbraní hromadného ničenia  |2 snkbucl  |9 938501 
655 7 |a články z novín a časopisov  |2 snkbucl  |9 267496 
773 0 |t Nové slovo  |g Roč. 26, č. 32 (1984), s. 11 
850 |a Slovenská národná knižnica v Martine  |a MTA001 
852 |a SNK  |b KIS3GCP 
958 |a RK 
992 |a RBX 
999 |c 1492016  |d 1493946